| 000 | 00947nac a22002411u 4500 | ||
|---|---|---|---|
| 010 | _a 2005937097 | ||
| 020 | _a9780618604470 | ||
| 020 | _a0618604472 | ||
| 082 |
_a320.3 _bKES |
||
| 090 |
_c6910 _d6910 |
||
| 100 | _aKesselman, Mark . | ||
| 245 | 0 | 0 |
_aIntroduction to comparative politics : _bpolitical challenges and changing agendas / _cgeneral editors, Mark Kesselman, Joel Krieger, William A. Joseph. |
| 250 | _a4th ed. | ||
| 260 |
_aBoston : _bHoughton Mifflin,c2007. _cc2007. |
||
| 300 |
_a1 v. (various pagings) : _bill., maps ; _c24 cm. |
||
| 500 | _aDistributer: Al-Ahram. | ||
| 504 | _aIncludes bibliographical references and index. | ||
| 511 | _aCatalogued By: Mahitab. | ||
| 650 | 0 | _aComparative government. | |
| 700 | 1 |
_aKrieger, Joel, _c1951- |
|
| 700 | 1 | _aJoseph, William A. | |
| 942 |
_cBB _k320.3KES |
||
| 999 |
_c6910 _d6910 |
||